County Towns in Ireland - Statistics

General Stats
  • This quiz has been taken 821 times
  • The average score is 21 of 32
Answer Stats
Hint Answer % Correct
Cork Cork
91%
Dublin Dublin
91%
Galway Galway
88%
Derry Derry
86%
Limerick Limerick
86%
Carlow Carlow
82%
Clare Ennis
80%
Kilkenny Kilkenny
80%
Cavan Cavan
79%
Sligo Sligo
79%
Armagh Armagh
77%
Wexford Wexford
75%
Longford Longford
73%
Kerry Tralee
70%
Wicklow Wicklow
70%
Louth Dundalk
68%
Antrim Antrim
67%
Monaghan Monaghan
66%
Laois Portlaoise
64%
Mayo Castlebar
63%
Roscommon Roscommon
63%
Tyrone Omagh
60%
Kildare Naas
59%
Meath Navan
56%
Fermanagh Enniskillen
55%
Westmeath Mullingar
52%
Leitrim Carrick-on-Shannon
49%
Offaly Tullamore
49%
Tipperary Clonmel
41%
Down Downpatrick
41%
Donegal Lifford
34%
Waterford Dungarvan
28%
No matching quizzes found
Score Distribution
Percent of People with Each Score
Percentile by Number Answered
Your Score History
You have not taken this quiz